000
00320nam a2200109Ia 4500
008
200302s9999 xx 000 0 und d
100
_a
Ribert Coser
245
_a
Faabricating Architecture Selected Readings in Digital Design & Manufacturing
260
_b
Princeton Architectural Press
260
_c
2010
300
_a
216 P.,
999
_c
2803
_d
2803